[Event "4NCL Online Division 2"]
[Site "online"]
[Date "2020.06.09"]
[Round "10.14"]
[White "McGregor, John"]
[Black "Paez, Alonso"]
[Result "1/2-1/2"]
[WhiteElo "1868"]
[BlackElo "1607"]
[PlyCount "104"]
[EventDate "2020.06.09"]
[WhiteTeam "Rhyfelwyr Essyllwg"]
[BlackTeam "Anglian Avengers 2"]

1. e4 c6 2. Nc3 d5 3. Nf3 d4 4. Ne2 c5 5. d3 Nc6 6. c3 e5 7. Ng3 Nf6 8. Be2 Be7
9. O-O Bd7 10. c4 Qc7 11. h3 h6 12. Nh2 O-O-O 13. Bg4 Nxg4 14. hxg4 g6 15. f4
Bh4 16. Ne2 f5 17. gxf5 gxf5 18. Nf3 Bf6 19. fxe5 Nxe5 20. Nf4 Nxf3+ 21. Qxf3
Be5 22. Nd5 Bh2+ 23. Kh1 Qe5 24. Bf4 Bxf4 25. Qxf4 Qxf4 26. Rxf4 fxe4 27. dxe4
Rdf8 28. Raf1 Rxf4 29. Rxf4 Bc6 30. Kg1 Kd7 31. Kf2 Ke6 32. Kf3 Rh7 33. Rf6+
Ke5 34. Rf5+ Ke6 35. g4 Rf7 36. Kf4 Be8 37. Kf3 b6 38. Nf4+ Kd6 39. e5+ Ke7 40.
Ke4 Bc6+ 41. Nd5+ Ke6 42. Kf4 Bxd5 43. Rxf7 Kxf7 44. cxd5 d3 45. Ke3 c4 46. b3
b5 47. bxc4 bxc4 48. Kd2 Ke7 49. Kc3 Kd7 50. Kd2 Ke7 51. Kc3 Kd7 52. Kd2 Ke7
1/2-1/2

[Event "4NCL Online Division 2"]
[Site "online"]
[Date "2020.06.09"]
[Round "10.21"]
[White "Stemp, Matthew J"]
[Black "Saidmurodov, Shahjahon"]
[Result "1-0"]
[WhiteElo "2125"]
[BlackElo "2132"]
[PlyCount "113"]
[EventDate "2020.06.09"]
[WhiteTeam "Catford Cosmonauts 1"]
[BlackTeam "CSC 1"]

1. e4 c5 2. Nf3 d6 3. Bb5+ Bd7 4. Bxd7+ Nxd7 5. c3 Ngf6 6. Qe2 Qc7 7. O-O e6 8.
d4 Be7 9. Bg5 h6 10. Bh4 g5 11. Bg3 O-O-O 12. b4 Qc6 13. d5 Qb6 14. Rc1 e5 15.
Nfd2 h5 16. Nc4 Qc7 17. f3 Rdg8 18. Nbd2 h4 19. Bf2 g4 20. bxc5 Nxc5 21. Kh1 g3
22. Bxc5 h3 23. gxh3 Rxh3 24. Bxa7 Rxh2+ 25. Qxh2 gxh2 26. Rcb1 Nd7 27. Be3 Bg5
28. a4 Bxe3 29. Nxe3 Qxc3 30. Ndc4 Kc7 31. Ra2 Rg1+ 32. Rxg1 hxg1=Q+ 33. Kxg1
Qb3 34. Rc2 Nc5 35. a5 Qb1+ 36. Kg2 Qe1 37. Nf5 Qd1 38. Rd2 Qe1 39. Nfxd6 Nd3
40. Rxd3 Qe2+ 41. Kg3 Qxd3 42. Nxe5 Qd2 43. Ndxf7 Qe1+ 44. Kg4 Qg1+ 45. Kf5 Qg7
46. d6+ Kb8 47. d7 Qh7+ 48. Ke6 Qh3+ 49. Kd6 Qf1 50. d8=Q+ Ka7 51. Qb6+ Ka8 52.
Nd8 Qd1+ 53. Ke7 Qxd8+ 54. Qxd8+ Ka7 55. Qb6+ Ka8 56. Nc4 Kb8 57. Nd6 1-0

[Event "4NCL Online Division 2"]
[Site "online"]
[Date "2020.06.09"]
[Round "10.22"]
[White "Frostick, Clive A"]
[Black "Orlovska, Madara"]
[Result "1/2-1/2"]
[WhiteElo "2108"]
[BlackElo "2110"]
[PlyCount "92"]
[EventDate "2020.06.09"]
[WhiteTeam "CSC 1"]
[BlackTeam "Catford Cosmonauts 1"]

1. e4 c5 2. Nf3 Nc6 3. Bb5 g6 4. O-O Bg7 5. Re1 Nf6 6. e5 Nd5 7. Nc3 Nc7 8.
Bxc6 dxc6 9. Ne4 Ne6 10. d3 O-O 11. Be3 b6 12. Qd2 Nd4 13. Nxd4 cxd4 14. Bh6
Re8 15. Qf4 Be6 16. Bxg7 Kxg7 17. Ng5 Qd5 18. Nxe6+ fxe6 19. Re4 c5 20. h4 h6
21. Qg3 Kh7 22. b3 Rg8 23. Rae1 Raf8 24. Rg4 Rf5 25. Ree4 b5 26. f3 a5 27. Qe1
a4 28. Rgf4 Rgf8 29. Qg3 axb3 30. axb3 Rxf4 31. Rxf4 Rxf4 32. Qxf4 Kg7 33. g4
Qa8 34. Kf2 Qa2 35. Qd2 c4 36. bxc4 bxc4 37. dxc4 Qxc4 38. Qd3 Qc5 39. h5 gxh5
40. gxh5 Kf8 41. f4 Ke8 42. Ke2 Qd5 43. Qf3 Qc4+ 44. Qd3 Qd5 45. Qf3 Qc4+ 46.
Qd3 Qd5 1/2-1/2

[Event "4NCL Online Division 2"]
[Site "online"]
[Date "2020.06.09"]
[Round "10.23"]
[White "Roberts, Mike"]
[Black "Hasson, Peter"]
[Result "1-0"]
[WhiteElo "2027"]
[BlackElo "2095"]
[PlyCount "55"]
[EventDate "2020.06.09"]
[WhiteTeam "Catford Cosmonauts 1"]
[BlackTeam "CSC 1"]

1. e4 e6 2. d4 d5 3. Nd2 Nc6 4. Ngf3 Nf6 5. e5 Nd7 6. c4 dxc4 7. Nxc4 Nb6 8. a3
Ne7 9. Bd3 Nxc4 10. Bxc4 Bd7 11. O-O Bc6 12. Be3 Nd5 13. Qe2 Qd7 14. Rac1 Be7
15. Bd3 h6 16. Nd2 O-O-O 17. b4 Nb6 18. b5 Bd5 19. a4 Kb8 20. a5 Nc8 21. Ne4 f5
22. exf6 Bxf6 23. Bf4 Nd6 24. b6 Bc6 25. Nc5 Qf7 26. Na6+ bxa6 27. Rxc6 cxb6
28. Bxd6+ 1-0

[Event "4NCL Online Division 2"]
[Site "online"]
[Date "2020.06.09"]
[Round "10.24"]
[White "Garwood, Colin"]
[Black "Gluckman, Tim"]
[Result "1/2-1/2"]
[WhiteElo "2140"]
[BlackElo "1907"]
[PlyCount "62"]
[EventDate "2020.06.09"]
[WhiteTeam "CSC 1"]
[BlackTeam "Catford Cosmonauts 1"]

1. d4 Nf6 2. Bg5 Ne4 3. Bf4 d5 4. f3 Nf6 5. Nc3 e6 6. e4 c5 7. Nb5 Na6 8. e5
Nd7 9. c3 Nab8 10. Nh3 Nc6 11. Nf2 a6 12. Nd6+ Bxd6 13. exd6 O-O 14. Bd3 cxd4
15. cxd4 e5 16. dxe5 Ndxe5 17. O-O Qxd6 18. Re1 Qf6 19. Be3 Nxd3 20. Nxd3 Bf5
21. b3 d4 22. Bf2 Rfe8 23. Qd2 h6 24. h3 Qg5 25. Qxg5 hxg5 26. Rad1 Bxd3 27.
Rxd3 Rxe1+ 28. Bxe1 Rd8 29. Bf2 f6 30. Kf1 Kf7 31. Ke2 Ke6 1/2-1/2

[Event "4NCL Online Division 2"]
[Site "online"]
[Date "2020.06.09"]
[Round "10.31"]
[White "John, Joshua"]
[Black "Allis, Richard"]
[Result "0-1"]
[WhiteElo "2042"]
[BlackElo "2052"]
[PlyCount "98"]
[EventDate "2020.06.09"]
[WhiteTeam "CSC 2"]
[BlackTeam "Bradford DCA Knights A"]

1. d4 c5 2. d5 d6 3. c4 e5 4. e4 f5 5. Nc3 Nf6 6. Bd3 g6 7. h4 f4 8. g3 Bh6 9.
Nce2 Nh5 10. f3 g5 11. g4 Ng7 12. h5 Nd7 13. a3 a5 14. Bd2 O-O 15. b4 axb4 16.
axb4 Rxa1 17. Qxa1 cxb4 18. Bxb4 Nc5 19. Bc2 Qb6 20. Qc3 Bd7 21. Nh3 Ra8 22.
Kd2 Ra2 23. Nc1 Na4 24. c5 Rxc2+ 25. Kxc2 dxc5 26. Ba5 Qb5 27. Qd2 Ne8 28. Bc3
Nd6 29. Nd3 Nc4 30. Qc1 Nxc3 31. Kxc3 Qa5+ 32. Kb3 Nd2+ 33. Kb2 Bb5 34. Nhf2 c4
35. Qc3 Qa4 36. Nc5 Qa7 37. Qxd2 Qxc5 38. Rd1 Ba4 39. Ra1 b5 40. d6 c3+ 41.
Qxc3 Qxf2+ 42. Ka3 Bf8 43. Qd3 Qc5+ 44. Kb2 Qb4+ 45. Ka2 Bxd6 46. Qd5+ Kg7 47.
Qb7+ Kh6 48. Qf7 Qd2+ 49. Kb1 Qc2# 0-1

[Event "4NCL Online Division 2"]
[Site "online"]
[Date "2020.06.09"]
[Round "10.32"]
[White "Ther, Mate"]
[Black "Fink-Nunn, Petra"]
[Result "1-0"]
[WhiteElo "2080"]
[BlackElo "1966"]
[PlyCount "105"]
[EventDate "2020.06.09"]
[WhiteTeam "Bradford DCA Knights A"]
[BlackTeam "CSC 2"]

1. e4 e5 2. Nf3 Nc6 3. Bb5 f5 4. d3 fxe4 5. dxe4 Nf6 6. O-O Bc5 7. Nc3 d6 8.
Bg5 O-O 9. Nd5 Kh8 10. Nxf6 gxf6 11. Bh6 Rg8 12. Be3 Bh3 13. Ne1 Nd4 14. Bxd4
Bxd4 15. c3 Bb6 16. a4 a6 17. Bc4 Rg6 18. Kh1 Bg4 19. Qc2 Qe8 20. f3 Be6 21.
Qd3 Rh6 22. Bxe6 Qxe6 23. g4 Rg8 24. Kg2 Qf7 25. h3 Qh5 26. Rh1 Qh4 27. Qe2 Qg5
28. Nc2 f5 29. exf5 Qxf5 30. Qe4 Qxe4 31. fxe4 Rf6 32. Rhf1 Rgf8 33. Rxf6 Rxf6
34. Rf1 Kg7 35. Rxf6 Kxf6 36. Kg3 c6 37. b4 d5 38. Kf3 Kg5 39. a5 Ba7 40. Ne1
Kh4 41. Nd3 Kxh3 42. Nxe5 Bb8 43. Nd7 dxe4+ 44. Kxe4 Bd6 45. Kf5 Kg3 46. Nf6
Kf3 47. Nxh7 Ke3 48. g5 Bf4 49. g6 Bh6 50. Kf6 Kd3 51. Kf7 Kxc3 52. Nf6 Kxb4
53. Ng4 1-0

[Event "4NCL Online Division 2"]
[Site "online"]
[Date "2020.06.09"]
[Round "10.33"]
[White "Lawson, Maurice E"]
[Black "Johnson, Paul A"]
[Result "1-0"]
[WhiteElo "1983"]
[BlackElo "1812"]
[PlyCount "103"]
[EventDate "2020.06.09"]
[WhiteTeam "CSC 2"]
[BlackTeam "Bradford DCA Knights A"]

1. e4 e5 2. Nf3 Nc6 3. Bc4 Nf6 4. d3 Bc5 5. c3 d6 6. Bb3 h6 7. Nbd2 O-O 8. h3
Bd7 9. Nf1 Bb6 10. g4 Nh7 11. Ng3 Be6 12. Bc2 f6 13. Nf5 Ng5 14. h4 Nxf3+ 15.
Qxf3 Bxf5 16. gxf5 Kf7 17. Rg1 Rh8 18. Bb3+ Kf8 19. Qg4 Qe7 20. Qg6 Rd8 21. Be6
Rd7 22. Bxd7 Qxd7 23. Be3 Bxe3 24. fxe3 Qf7 25. h5 Qxg6 26. Rxg6 Nd8 27. Ke2
Nf7 28. Rgg1 Ng5 29. c4 Ke7 30. b4 Rd8 31. Rgc1 c6 32. a4 Rd7 33. c5 d5 34.
exd5 Rxd5 35. Rc4 a6 36. e4 Rd7 37. Ke3 Kf7 38. b5 cxb5 39. axb5 axb5 40. Rb4
Nh3 41. Rxb5 Nf4 42. Rb3 Nxh5 43. Ra7 Ke7 44. Rbxb7 Rxb7 45. Rxb7+ Kd8 46. Kd2
Kc8 47. Rf7 Kb8 48. Kc3 Kc8 49. Kc4 Kb8 50. Kb5 Nf4 51. Kb6 Kc8 52. c6 1-0

[Event "4NCL Online Division 2"]
[Site "online"]
[Date "2020.06.09"]
[Round "10.34"]
[White "Holliday, John K"]
[Black "Warren, Alex M"]
[Result "0-1"]
[WhiteElo "1798"]
[BlackElo "1960"]
[PlyCount "108"]
[EventDate "2020.06.09"]
[WhiteTeam "Bradford DCA Knights A"]
[BlackTeam "CSC 2"]

1. e4 c5 2. Nf3 d6 3. d4 cxd4 4. Nxd4 Nf6 5. Nc3 g6 6. Bd3 Bg7 7. O-O O-O 8.
Be3 Ng4 9. Qd2 Nc6 10. Nxc6 bxc6 11. Rab1 Nxe3 12. Qxe3 Qa5 13. b4 Qb6 14. Nd1
Be6 15. a4 c5 16. a5 Qc7 17. bxc5 dxc5 18. a6 Rab8 19. Rb5 Bd4 20. Qd2 c4 21.
Rxb8 Rxb8 22. Be2 Qe5 23. c3 Bb6 24. Bf3 Qa5 25. Ne3 Bxe3 26. Qxe3 Qxa6 27. Rd1
Qb6 28. Qf4 Rd8 29. Rxd8+ Qxd8 30. h3 Qa5 31. Qb8+ Kg7 32. Qb2 Qb6 33. Qxb6
axb6 34. Kf1 Kf6 35. Be2 Ke5 36. f3 g5 37. Kf2 Kd6 38. Ke3 Kc5 39. Bf1 b5 40.
Kd2 b4 41. cxb4+ Kxb4 42. Kc2 Bd7 43. g3 Ba4+ 44. Kc1 Kc3 45. f4 gxf4 46. gxf4
Bc2 47. e5 Bd3 48. Bg2 Kd4 49. Bc6 Ke3 50. Be8 f6 51. exf6 exf6 52. Bb5 Kxf4
53. Kd2 Kg3 54. Bd7 f5 0-1

[Event "4NCL Online Division 2"]
[Site "online"]
[Date "2020.06.09"]
[Round "10.41"]
[White "Meadows, Michael"]
[Black "Ali, Rashid Mohammed Amin"]
[Result "0-1"]
[WhiteElo "2012"]
[BlackElo "2117"]
[PlyCount "114"]
[EventDate "2020.06.09"]
[WhiteTeam "Downend 1"]
[BlackTeam "Liverpool"]

1. e4 e6 2. d4 d5 3. Nc3 dxe4 4. Nxe4 Nd7 5. Nf3 Be7 6. Bd3 h6 7. Qe2 Ngf6 8.
Bd2 a6 9. O-O-O b5 10. Rhe1 Bb7 11. Nxf6+ Nxf6 12. Ne5 O-O 13. Ng6 Re8 14.
Nxe7+ Rxe7 15. Bb4 Re8 16. g4 Qd5 17. Kb1 Qf3 18. Rg1 Qxe2 19. Bxe2 e5 20. dxe5
Rxe5 21. Bd3 Bf3 22. Rde1 Nxg4 23. Bc3 Rxe1+ 24. Rxe1 Nxf2 25. Rf1 Nxd3 26.
Rxf3 Nc5 27. b4 Ne6 28. Rd3 Rd8 29. Rg3 Rd5 30. Kb2 Kh7 31. Re3 g5 32. Kb3 Kg6
33. Rf3 Nd4+ 34. Bxd4 Rxd4 35. Rc3 Rd7 36. Rc6+ Rd6 37. Rxc7 f5 38. c4 bxc4+
39. Kxc4 f4 40. Re7 f3 41. Re1 Rd2 42. a4 Rxh2 43. b5 axb5+ 44. axb5 g4 45. b6
Rb2 46. Kd4 Rxb6 47. Rf1 Kf5 48. Ke3 Re6+ 49. Kf2 Kf4 50. Rg1 g3+ 51. Kf1 g2+
52. Rxg2 fxg2+ 53. Kxg2 Re2+ 54. Kf1 Kf3 55. Kg1 Re1+ 56. Kh2 h5 57. Kh3 Rh1#
0-1

[Event "4NCL Online Division 2"]
[Site "online"]
[Date "2020.06.09"]
[Round "10.42"]
[White "Clarke, Michael"]
[Black "Thompson, Robert"]
[Result "0-1"]
[WhiteElo "1795"]
[BlackElo "1985"]
[PlyCount "92"]
[EventDate "2020.06.09"]
[WhiteTeam "Liverpool"]
[BlackTeam "Downend 1"]

1. d4 d6 2. Nc3 Nf6 3. Bf4 g6 4. e4 Bg7 5. Nf3 Nbd7 6. e5 Nh5 7. Be3 dxe5 8.
dxe5 Nxe5 9. Qxd8+ Kxd8 10. Nxe5 Bxe5 11. O-O-O+ Ke8 12. Bc4 Bxc3 13. bxc3 Ng7
14. Rhe1 Be6 15. Bb3 h5 16. Bd4 Bxb3 17. cxb3 Rg8 18. Bxg7 Rxg7 19. Rd4 f6 20.
Rc4 c6 21. Rb4 Rb8 22. Ra4 a6 23. Rf4 Rf7 24. h4 Rd8 25. Rfe4 Rd7 26. a4 Rf8
27. a5 Kf7 28. f4 Rc8 29. Kc2 Rcc7 30. Rd1 Rxd1 31. Kxd1 Rd7+ 32. Kc2 Rd5 33.
b4 e5 34. fxe5 Rxe5 35. Rd4 g5 36. hxg5 fxg5 37. Rd7+ Re7 38. Rd6 Re2+ 39. Kd3
Rxg2 40. Rd7+ Kg6 41. Rxb7 h4 42. Rb6 h3 43. Rxc6+ Kh5 44. Rc8 h2 45. Rh8+ Kg4
46. Kc4 Rb2 0-1

[Event "4NCL Online Division 2"]
[Site "online"]
[Date "2020.06.09"]
[Round "10.43"]
[White "Burroughs, Adam"]
[Black "Korsinskij, Nikolas"]
[Result "1-0"]
[WhiteElo "1847"]
[BlackElo "1817"]
[PlyCount "43"]
[EventDate "2020.06.09"]
[WhiteTeam "Downend 1"]
[BlackTeam "Liverpool"]

1. e4 e5 2. Nf3 Nc6 3. Nc3 Nf6 4. d4 exd4 5. Nxd4 Bc5 6. Nb3 Bb6 7. Bd3 O-O 8.
O-O d6 9. Bg5 h6 10. Bh4 Bg4 11. Be2 Qd7 12. Bxf6 Bxe2 13. Qxe2 gxf6 14. Nd5
Nd4 15. Nxd4 Bxd4 16. c3 Be5 17. f4 c6 18. Ne3 Bxf4 19. Rxf4 Qe7 20. Nf5 Qe6
21. Qg4+ Kh7 22. Qg7# 1-0

[Event "4NCL Online Division 2"]
[Site "online"]
[Date "2020.06.09"]
[Round "10.44"]
[White "Korsinskij, Marek"]
[Black "Williams, Stephen M"]
[Result "1-0"]
[WhiteElo "1682"]
[BlackElo "1892"]
[PlyCount "65"]
[EventDate "2020.06.09"]
[WhiteTeam "Liverpool"]
[BlackTeam "Downend 1"]

1. e4 d5 2. exd5 Nf6 3. d4 Bg4 4. Nf3 Qxd5 5. Be2 e6 6. O-O Be7 7. h3 Bh5 8.
Be3 Nc6 9. c4 Qd7 10. Nc3 O-O-O 11. Qb3 Na5 12. Qc2 Bg6 13. Qd2 Nc6 14. a3 Ne4
15. Nxe4 Bxe4 16. Rfd1 f6 17. b4 g5 18. b5 Nb8 19. Qa5 a6 20. Nd2 Bc2 21. Rdc1
b6 22. Qc3 Bg6 23. bxa6 Nxa6 24. c5 Nb8 25. cxb6 c6 26. Bf3 Be8 27. a4 h5 28.
a5 g4 29. a6 Nxa6 30. Rxa6 gxf3 31. Ra8+ Kb7 32. Ra7+ Kxb6 33. Qa5# 1-0

[Event "4NCL Online Division 2"]
[Site "online"]
[Date "2020.06.09"]
[Round "10.51"]
[White "Carroll, Peter"]
[Black "Pink, Joshua"]
[Result "1/2-1/2"]
[WhiteElo "2009"]
[BlackElo "2042"]
[PlyCount "142"]
[EventDate "2020.06.09"]
[WhiteTeam "Gonzaga C-ing is Believing"]
[BlackTeam "Throw in the Tal"]

1. d4 Nf6 2. Nc3 d5 3. Bf4 e6 4. Nb5 Na6 5. e3 c6 6. Nc3 Qb6 7. a3 c5 8. Nf3
Be7 9. Ne5 O-O 10. g4 c4 11. Rg1 Qxb2 12. Ne2 Ne4 13. Bg2 Nc3 14. Qc1 Qxc1+ 15.
Nxc1 Nb5 16. a4 Bb4+ 17. Kf1 Nc3 18. g5 Be7 19. Ne2 Nxe2 20. Kxe2 Nb4 21. c3
Nc6 22. e4 Nxe5 23. Bxe5 Rd8 24. Rab1 Bd6 25. exd5 Bxe5 26. dxe5 exd5 27. Rgd1
Bg4+ 28. Bf3 Bxf3+ 29. Kxf3 Rd7 30. Rb5 Rad8 31. Ke3 Kf8 32. f4 g6 33. Kd4 Ke7
34. Rdb1 b6 35. a5 bxa5 36. Rxa5 h6 37. gxh6 Rh8 38. Rxd5 Rxh6 39. Rxd7+ Kxd7
40. Rb7+ Ke6 41. Rxa7 Rxh2 42. Ra6+ Ke7 43. Ra7+ Ke6 44. Ra6+ Ke7 45. Kd5 Rh4
46. Ra7+ Kf8 47. Kxc4 Rxf4+ 48. Kd5 Rf1 49. Ra8+ Ke7 50. Ra7+ Kf8 51. c4 Rd1+
52. Kc6 g5 53. Rd7 Rxd7 54. Kxd7 g4 55. c5 g3 56. c6 g2 57. c7 Kg7 58. c8=Q
g1=Q 59. Qc7 Qg4+ 60. Kd8 Qd4+ 61. Qd6 Qh4+ 62. Kc7 Qc4+ 63. Kd7 Qg4+ 64. Ke8
Qc8+ 65. Ke7 Qb7+ 66. Kd8 Qa8+ 67. Ke7 Qb7+ 68. Qd7 Qxd7+ 69. Kxd7 Kg6 70. Ke7
Kf5 71. Kxf7 Kxe5 1/2-1/2

[Event "4NCL Online Division 2"]
[Site "online"]
[Date "2020.06.09"]
[Round "10.52"]
[White "Ireland, David J"]
[Black "Casey, Eoghan"]
[Result "0-1"]
[WhiteElo "2020"]
[BlackElo "1954"]
[PlyCount "110"]
[EventDate "2020.06.09"]
[WhiteTeam "Throw in the Tal"]
[BlackTeam "Gonzaga C-ing is Believing"]

1. e4 c5 2. Nc3 Nc6 3. f4 g6 4. Nf3 Bg7 5. Bb5 Nd4 6. O-O Nxb5 7. Nxb5 d5 8. e5
d4 9. a4 Nh6 10. h3 a6 11. Na3 d3 12. cxd3 Qxd3 13. Qc2 Qxc2 14. Nxc2 Bf5 15.
Ne3 Bd3 16. Rf2 O-O-O 17. g4 f6 18. b3 Nf7 19. Bb2 Be4 20. Nc4 Bc2 21. Na5 Be4
22. Nc4 b5 23. axb5 axb5 24. exf6 exf6 25. Na3 Rd3 26. Ne1 Rxh3 27. Re2 Bc6 28.
Re7 Nh6 29. Nxb5 Kd8 30. Rxg7 Nxg4 31. Ng2 Rg3 32. Nd6 Rxg2+ 33. Kf1 Nh2+ 34.
Ke1 Nf3+ 35. Kd1 Rxd2+ 36. Kc1 Rxd6 37. Raa7 Re8 38. Kb1 Nd2+ 39. Ka2 Bd5 40.
Bc3 Nxb3 41. Rxh7 Nd4+ 42. Ka1 Nb3+ 43. Ka2 Nd4+ 44. Ka1 g5 45. Ba5+ Kc8 46.
fxg5 fxg5 47. Kb2 Re2+ 48. Kc1 Nb3+ 49. Kd1 Re8 50. Rhg7 Bc4+ 51. Kc2 Nd4+ 52.
Kb2 Bd5 53. Rxg5 Re2+ 54. Kc1 Nb3+ 55. Kd1 Bf3+ 0-1

[Event "4NCL Online Division 2"]
[Site "online"]
[Date "2020.06.09"]
[Round "10.53"]
[White "Moran, Darragh"]
[Black "Goodwin, Ed H"]
[Result "1/2-1/2"]
[WhiteElo "1868"]
[BlackElo "1930"]
[PlyCount "78"]
[EventDate "2020.06.09"]
[WhiteTeam "Gonzaga C-ing is Believing"]
[BlackTeam "Throw in the Tal"]

1. d4 Nf6 2. c4 e6 3. Nf3 Bb4+ 4. Nbd2 c5 5. g3 cxd4 6. a3 Be7 7. Nxd4 Nc6 8.
N2f3 Nxd4 9. Nxd4 a6 10. Bg2 O-O 11. O-O d6 12. b3 Rb8 13. a4 d5 14. cxd5 Nxd5
15. Bb2 Nb4 16. Rc1 Bd7 17. e3 Kh8 18. Qe2 Qb6 19. Rfd1 Rfd8 20. Qh5 Be8 21. a5
Qa7 22. Nf3 Rxd1+ 23. Rxd1 f6 24. Qh3 Qc5 25. Nd4 e5 26. Rc1 Qxa5 27. Nf5 Qa2
28. Bc3 Nd3 29. Nxe7 Qxf2+ 30. Kh1 Qxe3 31. Rf1 Nf2+ 32. Rxf2 Qxf2 33. Be4 g6
34. Nxg6+ Bxg6 35. Bxg6 Qf3+ 36. Kg1 Qe3+ 37. Kh1 Qf3+ 38. Kg1 Qe3+ 39. Kh1
Qf3+ 1/2-1/2

[Event "4NCL Online Division 2"]
[Site "online"]
[Date "2020.06.09"]
[Round "10.54"]
[White "Woolgar, Steven G"]
[Black "Cullen, Ben"]
[Result "0-1"]
[WhiteElo "1615"]
[BlackElo "1894"]
[PlyCount "92"]
[EventDate "2020.06.09"]
[WhiteTeam "Throw in the Tal"]
[BlackTeam "Gonzaga C-ing is Believing"]

1. c4 Nf6 2. Nc3 g6 3. g3 c5 4. Bg2 Nc6 5. Nf3 Bg7 6. O-O O-O 7. d4 cxd4 8.
Nxd4 a6 9. Bg5 Rb8 10. Rb1 Qa5 11. Bxf6 Bxf6 12. b4 Qe5 13. Nxc6 bxc6 14. Ne4
Bg7 15. Nc5 Qc7 16. a3 d6 17. Nd3 Bd7 18. e4 a5 19. c5 axb4 20. axb4 Rfd8 21.
Qe2 Bd4 22. Rfe1 e5 23. Rec1 Be6 24. Rc2 Qa7 25. Rbc1 Bb3 26. Rd2 dxc5 27. bxc5
f6 28. Bf1 Rb7 29. Kg2 Rbd7 30. h4 Qc7 31. Nb4 Ba4 32. Ra2 Bb5 33. Qc2 Bxf1+
34. Kxf1 Rb8 35. Qc4+ Kg7 36. Na6 Qb7 37. Nxb8 Qxb8 38. Rd1 Rb7 39. Kg2 Qc8 40.
Rd3 Qg4 41. Rda3 Qxe4+ 42. Kh2 Rb1 43. Ra7+ Kh6 44. Rxh7+ Kxh7 45. Ra7+ Kh6 46.
Kh3 Rh1# 0-1

[Event "4NCL Online Division 2"]
[Site "online"]
[Date "2020.06.09"]
[Round "10.61"]
[White "Tanmay Chopra"]
[Black "Starley, Robert"]
[Result "1-0"]
[WhiteElo "2273"]
[BlackElo "2147"]
[PlyCount "59"]
[EventDate "2020.06.09"]
[WhiteTeam "Harrow 1"]
[BlackTeam "Yorkshire Universities"]

1. d4 Nf6 2. c4 e6 3. Nf3 d5 4. Nc3 Be7 5. Bf4 O-O 6. e3 c6 7. Qc2 Nbd7 8. h3
Re8 9. Bd3 h6 10. O-O Nf8 11. Rad1 Bd6 12. Ne5 Qe7 13. c5 Bb8 14. b4 N6d7 15.
Nxd7 Nxd7 16. Bxb8 Rxb8 17. f4 f6 18. e4 dxe4 19. Nxe4 e5 20. Nd6 Rf8 21. fxe5
fxe5 22. Qb3+ Kh8 23. Rxf8+ Qxf8 24. Nf7+ Kg8 25. Nxe5+ Kh8 26. Ng6+ Kh7 27.
Nxf8+ Kh8 28. Ng6+ Kh7 29. Ne7+ g6 30. Qg8# 1-0

[Event "4NCL Online Division 2"]
[Site "online"]
[Date "2020.06.09"]
[Round "10.62"]
[White "Leah, Tom"]
[Black "Nettleton, Charlie B"]
[Result "0-1"]
[WhiteElo "2065"]
[BlackElo "2125"]
[PlyCount "90"]
[EventDate "2020.06.09"]
[WhiteTeam "Yorkshire Universities"]
[BlackTeam "Harrow 1"]

1. e4 b6 2. d4 Bb7 3. Bd3 g6 4. f4 f5 5. Nc3 Nf6 6. Qe2 fxe4 7. Nxe4 e6 8. Nf3
Bg7 9. Bd2 Nc6 10. c3 Qe7 11. O-O O-O 12. Rae1 Rae8 13. Neg5 Qd6 14. Ne5 Ne7
15. Qf2 c5 16. dxc5 bxc5 17. Be3 Rc8 18. Rd1 Nfd5 19. Qh4 h6 20. Ne4 Qc7 21.
Bxc5 Nf5 22. Qf2 d6 23. g4 dxc5 24. gxf5 exf5 25. Bc4 Bxe5 26. Bxd5+ Bxd5 27.
Rxd5 fxe4 28. Rxe5 Qxe5 29. fxe5 Rxf2 30. Rxf2 Re8 31. Rf6 Kg7 32. Ra6 Rxe5 33.
Rxa7+ Kf6 34. Kf2 Rh5 35. a4 Rxh2+ 36. Ke3 Rxb2 37. Kxe4 h5 38. a5 Rc2 39. Kd3
Ra2 40. a6 h4 41. Ra8 g5 42. a7 Kg7 43. Rc8 Rxa7 44. Rxc5 Kg6 45. Ke2 Rf7 0-1

[Event "4NCL Online Division 2"]
[Site "online"]
[Date "2020.06.09"]
[Round "10.63"]
[White "Coles, Steven F"]
[Black "Wagg, Joel"]
[Result "1-0"]
[WhiteElo "2080"]
[BlackElo "1967"]
[PlyCount "31"]
[EventDate "2020.06.09"]
[WhiteTeam "Harrow 1"]
[BlackTeam "Yorkshire Universities"]

1. d4 Nf6 2. Bg5 e6 3. Nd2 d5 4. e4 dxe4 5. Nxe4 Be7 6. Bxf6 Bxf6 7. Nf3 Be7 8.
Bd3 Nd7 9. Qe2 b6 10. Ne5 Nxe5 11. dxe5 Qd5 12. Nc3 Bb4 13. O-O-O Qa5 14. Bb5+
Ke7 15. Qg4 Bxc3 16. Qg5+ 1-0

[Event "4NCL Online Division 2"]
[Site "online"]
[Date "2020.06.09"]
[Round "10.64"]
[White "Lopez Cadenas, Nestor"]
[Black "Chan, Nevil"]
[Result "1/2-1/2"]
[WhiteElo "1933"]
[BlackElo "2042"]
[PlyCount "128"]
[EventDate "2020.06.09"]
[WhiteTeam "Yorkshire Universities"]
[BlackTeam "Harrow 1"]

1. e4 Nc6 2. Nc3 Nf6 3. f4 d5 4. e5 Nd7 5. d4 Nb6 6. Nf3 Bg4 7. Be3 e6 8. Bd3
g6 9. h3 Bxf3 10. Qxf3 f5 11. exf6 Qxf6 12. O-O-O O-O-O 13. Rhe1 Re8 14. Bb5
Bd6 15. Bxc6 bxc6 16. Ne2 Rhf8 17. Qf1 Nc4 18. Rd3 Nxe3 19. Rxe3 Bxf4 20. Nxf4
Qxf4 21. Qxf4 Rxf4 22. Rxe6 Rxe6 23. Rxe6 Kd7 24. Re3 Rxd4 25. Ra3 Rf4 26. b3
Rf2 27. Rxa7 Rxg2 28. a4 Kc8 29. Ra8+ Kb7 30. Rh8 h5 31. Rg8 h4 32. Kb2 g5 33.
b4 Rg3 34. c3 Rxh3 35. Rxg5 Rh1 36. Rh5 h3 37. a5 Ka6 38. Rh6 Kb5 39. a6 Kxa6
40. Rxc6+ Kb7 41. Rh6 c6 42. Rh5 Kb6 43. Rh6 Kb5 44. Rh5 Kc4 45. Rh4+ Kd3 46.
Rh6 h2 47. Rh5 Kc4 48. Rh4+ Kb5 49. Rh5 Kb6 50. Rh6 Kb5 51. Rh5 Kb6 52. Rh6 d4
53. cxd4 Kb5 54. Rh4 Kc4 55. Ka2 Kc3 56. d5 cxd5 57. b5 Re1 58. Rxh2 Re6 59.
Rb2 Rb6 60. Rb3+ Kc4 61. Kb2 Rxb5 62. Rxb5 Kxb5 63. Kc3 Kc5 64. Kd3 d4 1/2-1/2

[Event "4NCL Online Division 2"]
[Site "online"]
[Date "2020.06.09"]
[Round "10.71"]
[White "Jugand, Jean-Baptiste"]
[Black "Lock, Gavin R"]
[Result "1/2-1/2"]
[WhiteElo "2065"]
[BlackElo "2107"]
[PlyCount "35"]
[EventDate "2020.06.09"]
[WhiteTeam "Kent KJCA Kestrels B"]
[BlackTeam "Wessex Some Stars A"]

1. e4 e6 2. d4 d5 3. e5 c5 4. c3 Qb6 5. Nf3 Nc6 6. Be2 cxd4 7. cxd4 Nh6 8. Bxh6
Qxb2 9. Nc3 Qxc3+ 10. Bd2 Qb2 11. O-O a6 12. a3 Qb6 13. Be3 Be7 14. h4 Bd7 15.
Bd3 Na5 16. Rb1 Qc7 17. a4 Nc4 18. Ng5 1/2-1/2

[Event "4NCL Online Division 2"]
[Site "online"]
[Date "2020.06.09"]
[Round "10.72"]
[White "Lukosius, Rolandas"]
[Black "Ball, Laurence"]
[Result "0-1"]
[WhiteElo "2094"]
[BlackElo "2090"]
[PlyCount "132"]
[EventDate "2020.06.09"]
[WhiteTeam "Wessex Some Stars A"]
[BlackTeam "Kent KJCA Kestrels B"]

1. d4 f5 2. c4 Nf6 3. Nf3 d6 4. g3 g6 5. Bg2 Bg7 6. O-O O-O 7. Nc3 c6 8. b3 Qa5
9. Bb2 e5 10. dxe5 dxe5 11. Qc2 e4 12. Ng5 h6 13. Nh3 Be6 14. a3 Nbd7 15. Na4
Qc7 16. Bd4 c5 17. Bb2 g5 18. Nc3 a6 19. Kh1 Rad8 20. f3 exf3 21. exf3 Nb6 22.
f4 g4 23. Nf2 h5 24. Nd3 Rd4 25. Nd5 Nfxd5 26. Bxd4 cxd4 27. Rfe1 Ne3 28. Qf2
Re8 29. Ra2 Nd7 30. Rae2 Kf7 31. Bd5 Nxd5 32. cxd5 Bxd5+ 33. Kg1 Rxe2 34. Qxe2
Be4 35. Nf2 Nf6 36. Qd2 Qd6 37. Qa5 b5 38. a4 bxa4 39. bxa4 d3 40. Rc1 Nd5 41.
Rc5 Bd4 42. Rc1 Qb6 43. Qxb6 Bxb6 44. Kf1 Ne3+ 45. Kg1 d2 46. Ra1 Bd4 47. Ra2
d1=Q+ 48. Nxd1 Nxd1+ 49. Kf1 Nc3 50. Rd2 Bc5 51. a5 Nd5 52. Rb2 Bb4 53. Ke2 Ke6
54. Rb3 Kd6 55. Kf2 Kc5 56. Rb2 Kb5 57. Ra2 Bxa5 58. Ra1 Bb4 59. Rc1 Bc5+ 60.
Ke2 a5 61. Ra1 a4 62. Rc1 a3 63. h4 a2 64. Kd2 Bb1 65. Ke2 a1=Q 66. Re1 Qb2+
0-1

[Event "4NCL Online Division 2"]
[Site "online"]
[Date "2020.06.09"]
[Round "10.73"]
[White "Merriman, James"]
[Black "Wilson, Jaimie"]
[Result "0-1"]
[WhiteElo "1997"]
[BlackElo "2097"]
[PlyCount "54"]
[EventDate "2020.06.09"]
[WhiteTeam "Kent KJCA Kestrels B"]
[BlackTeam "Wessex Some Stars A"]

1. d4 d5 2. c4 e6 3. Nc3 c5 4. cxd5 exd5 5. Nf3 Nc6 6. g3 Nf6 7. Bg2 Be7 8. O-O
O-O 9. Bg5 c4 10. Ne5 Be6 11. Nxc6 bxc6 12. Qd2 h6 13. Bf4 Re8 14. Rad1 Qd7 15.
Rfe1 Bh3 16. Bh1 Bb4 17. a3 Ba5 18. Qc2 Bf5 19. Qa4 Bxc3 20. bxc3 Re7 21. f3
Rae8 22. Rd2 Nh5 23. Qb4 Nxf4 24. gxf4 Re3 25. Rb2 Qd8 26. Qb7 Qh4 27. Kf1 Bh3+
0-1